<?xml version="1.0" encoding="UTF-8"?>
<record
    xmlns:xsi="http://www.w3.org/2001/XMLSchema-instance"
    xsi:schemaLocation="http://www.loc.gov/MARC21/slim http://www.loc.gov/standards/marcxml/schema/MARC21slim.xsd"
    xmlns="http://www.loc.gov/MARC21/slim">

  <leader>01263nam a22002057a 4500</leader>
  <controlfield tag="003">IT-MiCISF</controlfield>
  <controlfield tag="005">20240718124752.0</controlfield>
  <controlfield tag="008">170614b        xxu||||| |||| 00| 0 eng d</controlfield>
  <datafield tag="040" ind1=" " ind2=" ">
    <subfield code="a">IT-MiCISF</subfield>
    <subfield code="c">IT-MiCISF</subfield>
  </datafield>
  <datafield tag="041" ind1=" " ind2=" ">
    <subfield code="a">it</subfield>
  </datafield>
  <datafield tag="100" ind1=" " ind2=" ">
    <subfield code="a">Bernard Marie-Christine</subfield>
    <subfield code="9">56516</subfield>
  </datafield>
  <datafield tag="245" ind1=" " ind2=" ">
    <subfield code="a">Genitori oggi.</subfield>
    <subfield code="b">Un'avventura umana e spirituale</subfield>
  </datafield>
  <datafield tag="260" ind1=" " ind2=" ">
    <subfield code="a">Leumann (TO),</subfield>
    <subfield code="b">Elledici,</subfield>
    <subfield code="c">2012</subfield>
  </datafield>
  <datafield tag="300" ind1=" " ind2=" ">
    <subfield code="a">pp. 198</subfield>
  </datafield>
  <datafield tag="500" ind1=" " ind2=" ">
    <subfield code="a">genitorialit&#xE0;, educazione-bambini, autorit&#xE0;, spiritualit&#xE0;-familiare, figli-adolescenti, figli-piccoli</subfield>
  </datafield>
  <datafield tag="520" ind1=" " ind2=" ">
    <subfield code="a">L'opera presenta una riflessione globale sugli aspetti fondamentali dell'educazione genitoriale, che consistono nell'assumersi la responsabilit&#xE0; del bambino e aiutarlo a inserirsi nella societ&#xE0;. L'autrice cura anche la dimensione spirituale dell'arte di essere genitori: come condividere l'eredit&#xE0; cristiana con i propri figli, nel loro pieno rispetto? Quest'opera &#xE8; arricchita dai numerosi scambi e dalle conversazioni dell'autrice con genitori e altri professionisti nell'ambito dell'educazione. Genitori ed educatori troveranno in queste pagine molti riferimenti per orientare in modo adeguato il loro rapporto con bambini e  giovani.</subfield>
  </datafield>
  <datafield tag="650" ind1=" " ind2=" ">
    <subfield code="a">genitorialit&#xE0;</subfield>
    <subfield code="9">56044</subfield>
  </datafield>
  <datafield tag="654" ind1=" " ind2=" ">
    <subfield code="a">saggio</subfield>
  </datafield>
  <datafield tag="942" ind1=" " ind2=" ">
    <subfield code="2">ddc</subfield>
    <subfield code="c">BK</subfield>
  </datafield>
  <datafield tag="999" ind1=" " ind2=" ">
    <subfield code="c">336718</subfield>
    <subfield code="d">336718</subfield>
  </datafield>
  <datafield tag="952" ind1=" " ind2=" ">
    <subfield code="0">0</subfield>
    <subfield code="1">0</subfield>
    <subfield code="2">ddc</subfield>
    <subfield code="4">0</subfield>
    <subfield code="6">B_7363_000000000000000</subfield>
    <subfield code="7">1</subfield>
    <subfield code="a">CISF</subfield>
    <subfield code="b">CISF</subfield>
    <subfield code="d">2017-06-14</subfield>
    <subfield code="l">0</subfield>
    <subfield code="o">b7363</subfield>
    <subfield code="p">9788801049916</subfield>
    <subfield code="r">2017-06-14 00:00:00</subfield>
    <subfield code="w">2017-06-14</subfield>
    <subfield code="y">BK</subfield>
  </datafield>
</record>
